Countries With Vertical Tricolor Flags - Statistics

General Stats
  • This quiz has been taken 12 times
  • The average score is 19 of 20
Answer Stats
Picture Answer % Correct
Belgium
100%
Cameroon
100%
France
100%
Ireland
100%
Italy
100%
Mexico
100%
Moldova
100%
Nigeria
100%
Romania
100%
Senegal
100%
Andorra
91%
Barbados
91%
Chad
91%
Ivory Coast
91%
Peru
91%
Guatemala
82%
Mali
82%
Mongolia
82%
St. Vincent and the Grenadines
82%
Guinea
73%
No matching quizzes found
Score Distribution
Percent of People with Each Score
Percentile by Number Answered
Your Score History
You have not taken this quiz